The ministry of fear, (Record no. 120698)
[ view plain ]
| 000 -LEADER | |
|---|---|
| fixed length control field | 00564cam a22002171 4500 |
| 001 - CONTROL NUMBER | |
| control field | 421441 |
| 003 - CONTROL NUMBER IDENTIFIER | |
| control field | ARRUPE |
| 005 - DATE AND TIME OF LATEST TRANSACTION | |
| control field | 20140611120548.0 |
| 008 - FIXED-LENGTH DATA ELEMENTS--GENERAL INFORMATION | |
| fixed length control field | 860206s1951 enk 000 0 eng d |
| 035 ## - SYSTEM CONTROL NUMBER | |
| System control number | (OCoLC)505762272 |
| 035 ## - SYSTEM CONTROL NUMBER | |
| System control number | (OCoLC)ocn505762272 |
| 035 ## - SYSTEM CONTROL NUMBER | |
| System control number | (CStRLIN)NYCG86-B11759 |
| 035 ## - SYSTEM CONTROL NUMBER | |
| System control number | (NNC)421441 |
| 040 ## - CATALOGING SOURCE | |
| Original cataloging agency | NNC |
| Transcribing agency | NNC |
| 300 ## - PHYSICAL DESCRIPTION | |
| Dimensions | 17 cm. |
| 100 1# - MAIN ENTRY--PERSONAL NAME | |
| Personal name | Greene, Graham, |
| 9 (RLIN) | 10812 |
| 245 14 - TITLE STATEMENT | |
| Title | The ministry of fear, |
| Remainder of title | an entertainment. |
| 260 ## - PUBLICATION, DISTRIBUTION, ETC. (IMPRINT) | |
| Place of publication, distribution, etc | London, |
| Name of publisher, distributor, etc | Penguin Books |
| Date of publication, distribution, etc | [1963] |
| 300 ## - PHYSICAL DESCRIPTION | |
| Extent | 268 p. |
| 942 ## - ADDED ENTRY ELEMENTS (KOHA) | |
| Source of classification or shelving scheme | Library of Congress Classification |
| Koha item type | Monograph ( Printed materials) |
| Withdrawn status | Lost status | Source of classification or shelving scheme | Damaged status | Not for loan | Collection code | Home library | Current library | Shelving location | Date acquired | Total Checkouts | Full call number | Barcode | Date last seen | Price effective from | Koha item type |
|---|---|---|---|---|---|---|---|---|---|---|---|---|---|---|---|
| Library of Congress Classification | Main Collection | ARRUPE LIBRARY | ARRUPE LIBRARY | Main Collection | 11/06/2014 | PR6013.R44 M5 | 46500000562 | 28/09/2020 | 11/06/2014 | Monograph ( Printed materials) |